000 00730nam a2200253 a 4500
999 _c940
_d940
008 191111s2000 ii a|||g |||| 001 0 eng d
020 _a9788120322189
_cRs. 525.00
040 _aKO
_beng
041 0 _aeng
044 _aii
082 0 4 _223
_a620.105
_bSh17
100 1 _aShames, Irving H.
245 1 0 _aIntroduction to Solid Mechanics /
_cIrving H. Shames, James M. Pitarresi
250 _a3rd ed.
260 _aNew Delhi :
_bPHI Learning Private Limited,
_c2000
300 _axvi, 769 p. :
_bill. ;
_c24 cm.
504 _aIncludes index.
650 0 _aMechanics
_xDeformations (Mechanics)
_vTextbooks
650 0 _aSolids
_vTextbooks
700 1 _aPitarresi, James M.
_eaut
904 _aS_JOY
942 _cBK